Flags of Capital Cities - Africa - Statistics

General Stats
  • This quiz has been taken 26 times
  • The average score is 15 of 27
Answer Stats
Picture Answer % Correct
Cairo
73%
Tunis
73%
Addis Ababa
64%
Algiers
64%
Antananarivo
64%
Libreville
64%
Port Louis
64%
Accra
55%
Dakar
55%
Gaborone
55%
Harare
55%
Kinshasa
55%
Maputo
55%
Nairobi
55%
Porto-Novo
55%
Praia
55%
Pretoria
55%
Tripoli
55%
Windhoek
55%
Abuja
45%
Banjul
45%
Bissau
45%
Conakry
45%
Freetown
45%
Juba
45%
Mogadishu
45%
Monrovia
45%
No matching quizzes found
Score Distribution
Percent of People with Each Score
Percentile by Number Answered
Your Score History
You have not taken this quiz